Fundamentos del aprendizaje de la técnica y la táctica deportivas

Saved in:
Bibliografiske detaljer
Hovedforfatter: Riera Riera, Joan (Author)
Format: Bog
Sprog:spansk
Udgivet: Barcelona Inde Publicaciones 1989
Fag:
Tags: Tilføj Tag
Ingen Tags, Vær først til at tagge denne postø!

MARC

LEADER 00000nam a2200000 a 4500
001 UCW6687
003 CL-VaPUC
008 920423e19890000SP |||||||||||||||||spa|d
082 0 4 |a 372.86  |b RIE  |2 21 
100 0 |a Riera Riera, Joan  |e author  |9 311709 
245 1 0 |a Fundamentos del aprendizaje de la técnica y la táctica deportivas 
300 |a 161 p 
942 |c BK 
945 |d 19920423 00:00:00 
260 |a Barcelona  |b Inde Publicaciones  |c 1989 
650 0 |a Métodos de enseñanza  |9 270413 
650 0 |a Educación física  |9 240893 
583 |a last modification  |c 20170913 12:05:57  |k Rodrigo Vera 
999 |c 219656  |d 219654 
952 |0 0  |1 0  |4 0  |6 372_860000000000000_RIE_1989  |7 0  |8 A  |9 210856  |a BIBEDU  |b BIBEDU  |d 2019-11-15  |i 2790823  |o 372.86 RIE 1989  |p 2790823  |r 2019-11-15  |w 2019-11-15  |y BK  |k EDU